00582nam a22001817a 4500008004100000020001500041082001500056100002200071245005500093246002800148260003100176300004400207440004700251650001700298650002900315650002700344700002900371151019b xxu||||| |||| 00| 0 eng d a8495471140 a708bP586p aFontcuberta, Joan aJoan FontcubertacJoan Fontcuberta, Chantal Grande aEnsayos sobre la huella aMadridbLa Fábricac2001 a[sin numeración]bill. (col.)c18 cm. aBiblioteca de Fotógrafos Españolesv29 aFotografía aFotografía Artística aFotógrafoszEspaña aFontcuberta, Joan, 1955-